| 000 | 01169cam a22003614a 4500 | ||
|---|---|---|---|
| 001 | 1781 | ||
| 003 | FISKH | ||
| 005 | 20231025092756.0 | ||
| 008 | 020715s2003 nyua b 001 0 eng | ||
| 010 | _a 2002011216 | ||
| 020 | _a0516228641 | ||
| 020 | _a9780516244914 | ||
| 040 |
_aDLC _cDLC _dDLC _beng |
||
| 042 |
_apcc _alcac |
||
| 043 | _azmo---- | ||
| 050 | 0 | 0 |
_aQB582 _b.B74 2003 |
| 082 | 0 | 0 |
_a523.3 _221 |
| 100 | 1 | _aBredeson, Carmen. | |
| 245 | 1 | 4 |
_aThe moon / _cby Carmen Bredeson ; consultants, Orsola De Marco, Ph.D. |
| 260 |
_aNew York : _bScholastic, _c2003. |
||
| 300 |
_a31 pages : _bcolor illustrations ; _c19 cm. |
||
| 440 | 0 | _aRookie read-about science | |
| 505 | _aN | ||
| 520 | _aA simple introduction to the physical features, orbit, and efforts to explore the Earth's moon. | ||
| 521 | 8 |
_a560
_bLexile |
|
| 521 | 8 |
_aN
_bRaz-Plus |
|
| 650 | _aThe moon | ||
| 651 | 0 |
_aMoon _vJuvenile literature. |
|
| 651 | 1 | _aMoon. | |
| 906 |
_a7 _bcbc _corignew _d1 _eecip _f20 _gy-gencatlg |
||
| 942 |
_2ddc _cBK _n0 |
||
| 999 |
_c1781 _d1781 |
||